000 00729nam a2200301Ia 4500
005 20260401122423.0
008 008 250103s9999 xx 000 0 eng d
020 _a9780230102613
037 _aTB
040 _aEDL
040 _beng
040 _cEDL
041 _2eng
041 _aeng
084 _a809.933 TRO
084 _qEDL
100 _aTrousdale, Rachel
_91233562
245 0 _aNabokov,Rushdie and the Transnational Imagination: Novels of exile and alternate worlds
245 0 _cTrousdale, Rachel
260 _aNew York
260 _bPalgrave Mcmillan
260 _c2010
300 _a241p
942 _cTB
942 _h809.933 TRO
999 _c1847167
_d1847167